El escritor y su obra (Record no. 179460)

MARC details
000 -LEADER
campo de control de longitud fija 00885nam a2200241 i 4500
001 - NÚMERO DE CONTROL
campo de control 179460
003 - IDENTIFICADOR DE NÚMERO DE CONTROL
campo de control ES-MaACL
005 - FECHA Y HORA DE LA ÚLTIMA TRANSACCIÓN
campo de control 20251122063139.0
008 - DATOS DE LONGITUD FIJA--INFORMACIÓN GENERAL
campo de control de longitud fija 111207s1970 mx |||| | spa d
080 ## - NÚMERO DE LA CLASIFICACIÓN DECIMAL UNIVERSAL
Número de la Clasificación Decimal Universal 929 Borges, Jorge Luis (049.3)
100 1# - ENTRADA PRINCIPAL--NOMBRE DE PERSONA
Nombre de persona Borges, Jorge Luis,
Fechas asociadas al nombre 1899-1986
9 (RLIN) 242526
245 13 - MENCIÓN DEL TÍTULO
Título El escritor y su obra
Resto del título : entrevistas de Georges Charbonnier con Jorge Luis Borges /
Mención de responsabilidad, etc. traducción de Martí Soler.
250 ## - MENCION DE EDICION
Mención de edición 2 ª ed. en español.
260 ## - PUBLICACIÓN, DISTRIBUCIÓN, ETC.
Lugar de publicación, distribución, etc. México D.F. :
Nombre del editor, distribuidor, etc. Siglo XXI,
Fecha de publicación, distribución, etc. 1970.
300 ## - DESCRIPCIÓN FÍSICA
Extensión VII, 92 p. ;
Dimensiones 15 cm.
490 1# - MENCIÓN DE SERIE
Mención de serie Mínima literaria ;
Designación de volumen o secuencia 7
600 17 - PUNTO DE ACCESO ADICIONAL DE MATERIA--NOMBRE DE PERSONA
Nombre de persona Borges, Jorge Luis-
Subdivisión de forma Entrevistas.
9 (RLIN) 30463
700 1# - ENTRADA AGREGADA--NOMBRE PERSONAL
Nombre de persona Charbonnier, Georges.
9 (RLIN) 148687
700 1# - ENTRADA AGREGADA--NOMBRE PERSONAL
Nombre de persona Soler Vinyes, Martí.
9 (RLIN) 107197
830 0# - PUNTO DE ACCESO ADICIONAL DE SERIE-TÍTULO UNIFORME
Título uniforme Mínima literaria ;
Designación de volumen o secuencia 7
9 (RLIN) 224469
852 ## - LOCALIZACIÓN
Ubicación ES-MaACL
Número de control de estantería 2308-F-1
Nota libre . - Donativo M. A. Velasco
Holdings
Estatus retirado Estado de pérdida Estado de daño No para préstamo Colección Biblioteca de origen Biblioteca actual Ubicación en estantería Fecha de adquisición Fuente de adquisición Total de préstamos Signatura topográfica completa Código de barras Visto por última vez Precio de reemplazo Tipo de ítem Koha
        Colección de folletos Biblioteca del Ateneo de Madrid Biblioteca del Ateneo de Madrid Depósito folletos 07/12/2011     2308-F-1 1188531 23/02/2023 23/02/2023 Folleto